| 000 | 00349nam a22001457a 4500 | ||
|---|---|---|---|
| 008 | 230427b ||||| |||| 00| 0 eng d | ||
| 020 | _a9781417904778 | ||
| 041 | _aeng | ||
| 080 | _a030 | ||
| 082 | _a030MAL | ||
| 100 | _a44 | ||
| 101 | _aENCI | ||
| 245 |
_aTHE SEXUAL LIFE OF SAVAGES IN NORTH WESTERN MELANESIA _cMALINOESKI.B |
||
| 942 |
_2udc _cBK |
||
| 999 |
_c59635 _d59635 |
||